000
00352nam a2200145Ia 4500
008
210716s2018 xx 000 0 und d
020
_a
9788126575817
041
_a
eng
082
_a
153.94 ACTR
245
_a
ACT reading grail 2019.
250
_a
1
260
_a
New Delhi
_b
Wiley India Pvt Ltd
_c
2018
300
_a
ix,256
650
_a
Aptitude Test
999
_c
197075
_d
197075